| 000 | 00854nam a2200277 i 4500 | ||
|---|---|---|---|
| 001 | 92727 | ||
| 003 | ES-MaACL | ||
| 005 | 20250805062547.0 | ||
| 007 | t| | ||
| 008 | 050420s1993 sp ||||1| spa d | ||
| 020 | _a84-7444-704-6 | ||
| 080 | _a32.01 | ||
| 100 | 1 |
_aHobbes, Thomas. _963853 |
|
| 245 | 1 | 3 |
_aEl ciudadano / _cThomas Hobbes ; edición de Joaquín Rodríguez Feo. |
| 250 | _a1ª ed. | ||
| 260 |
_aMadrid : _bDebate : _bCSIC, _c1993. |
||
| 300 |
_aXLVI, 202, 205 p. ; _c24 cm. |
||
| 490 | 1 | _aClásicos del pensamiento | |
| 500 | _aTexto en latín y traducción en español. | ||
| 504 | _aBibliografía: p. XLIII-XLVI. | ||
| 650 | 4 |
_aPolítica- _xFilosofía _916274 |
|
| 700 | 1 |
_aRodríguez Feo, Joaquín. _998512 |
|
| 830 | 0 | 0 |
_aClásicos del pensamiento _9177261 |
| 852 |
_aES-MaACL _jE-11031 _bR.134794 |
||
| 999 |
_c92727 _d92727 |
||